00927nam a2200241Ia 4500001000600000003000900006008004100015040001300056040001300069041001300082100002000095100002900115245007800144245006900222250001100291260001100302260001100313260004900324300005900373500017900432650004300611650003100654G3579IT-RoPAU130308s9999 xx 000 0 und d aIT-RoPAU cIT-RoPAU aFRANCESE aDemers Francois gCodice Aut. SPICS: 54566 aChangement technique et journalisme en Amerique latine: le cas du Mexique bVers Une Citoyennete' Simulee: Medias, Reseaux et Mondialisation a1a ed. aRENNES bApogee c1999 [1° Ed.:1999 - Ed.Ling.Originale:1999] a"16 p. (prefazione: no ; testo: 16 [pagine: 225-240])" aCambiamento Tecnico e Giornalismo in America Latina: Caso del Messico. Modello Venuto dal Nord. Modelli Autoritario e Liberale. Effetti Politici. modernismo e Postmodernismo. aSOCIOLOGIA DELLA COMUNICAZIONE SOCIALE eCodice materia Spics: 3806